[Event "Luxembourg-chT 9900 qual"]
[Site "Luxembourg"]
[Date "2000.01.09"]
[Round "4"]
[White "Kalabic, Dzelal"]
[Black "Geschwindt, Gilbert"]
[Result "1-0"]
[WhiteElo "1871"]
[BlackElo "1817"]
[PlyCount "104"]
[EventDate "1999.11.07"]
[EventType "team"]
[EventRounds "10"]
[EventCountry "LUX"]
[SourceTitle "EXT 2005"]
[Source "ChessBase"]
[SourceDate "2004.11.15"]
[SourceVersion "1"]
[SourceVersionDate "2004.11.15"]
[SourceQuality "1"]

1. e4 d5 2. exd5 Nf6 3. c4 e6 4. dxe6 Bxe6 5. d4 Bb4+ 6. Nc3 Qe7 7. Be3 Nc6 8. Bd3 Bg4 9. Nge2 Rd8 10. d5 Ne5 11. 0-0 Bxc3 12. bxc3 0-0 13. h3 Bh5 14. Re1 Rfe8 15. Qc2 Nxd3 16. Qxd3 Qe4 17. Qd4 Bxe2 18. Rxe2 Qxd4 19. cxd4 Re7 20. Rae1 Rde8 21. f3 Nd7 22. Kf2 Nb6 23. Rc2 Nc8 24. c5 Rd8 25. Rce2 Kf8 26. Rb2 b6 27. cxb6 cxb6 28. Rc1 Red7 29. Rbc2 Ne7 30. Rc7 Nxd5 31. Rxd7 Rxd7 32. a3 Ke7 33. Ke2 Kd6 34. Kd3 Re7 35. Bd2 Kd7 36. h4 Re6 37. g4 h6 38. f4 g6 39. Rf1 f5 40. gxf5 gxf5 41. Rg1 Kc6 42. Rg8 Kb5 43. h5 a5 44. Rg1 Ka4 45. Rg6 Rf6 46. Kc4 Rxg6 47. hxg6 Nf6 48. g7 h5 49. d5 h4 50. Be3 b5+ 51. Kd3 b4 52. axb4 Kxb4 1-0

[Event "Luxembourg-ch"]
[Site "Luxembourg"]
[Date "1999.04.11"]
[Round "9"]
[White "Kalabic, Dzelal"]
[Black "Wolff, Serge"]
[Result "1/2-1/2"]
[WhiteElo "1727"]
[BlackElo "2042"]
[PlyCount "50"]
[EventDate "1999.04.03"]
[EventType "swiss"]
[EventRounds "9"]
[EventCountry "LUX"]
[SourceTitle "EXT 2005"]
[Source "ChessBase"]
[SourceDate "2004.11.15"]
[SourceVersion "1"]
[SourceVersionDate "2004.11.15"]
[SourceQuality "1"]

1. d4 Nf6 2. c4 e5 3. dxe5 Ng4 4. Nf3 Nc6 5. e3 Ngxe5 6. a3 Be7 7. Be2 Bf6 8. Nd4 0-0 9. Nc3 g6 10. 0-0 d6 11. f4 Nxd4 12. exd4 Nc6 13. Be3 Re8 14. Qd2 Rxe3 15. d5 Qe7 16. Bd3 Nd4 17. Rae1 Rxe1 18. Rxe1 Qd8 19. b4 Bf5 20. Bxf5 Nxf5 21. g3 Qd7 22. Ne4 Bd4+ 23. Kh1 Re8 24. g4 Bg7 25. gxf5 Kf8 1/2-1/2

[Event "Luxembourg-ch"]
[Site "Luxembourg"]
[Date "1999.04.08"]
[Round "6"]
[White "Steil, Raymond"]
[Black "Kalabic, Dzelal"]
[Result "0-1"]
[WhiteElo "1601"]
[BlackElo "1727"]
[PlyCount "88"]
[EventDate "1999.04.03"]
[EventType "swiss"]
[EventRounds "9"]
[EventCountry "LUX"]
[SourceTitle "EXT 2005"]
[Source "ChessBase"]
[SourceDate "2004.11.15"]
[SourceVersion "1"]
[SourceVersionDate "2004.11.15"]
[SourceQuality "1"]

1. d4 f5 2. e4 fxe4 3. Nc3 Nf6 4. Bg5 e6 5. Nxe4 Be7 6. Bd3 Nxe4 7. Bxe7 Qxe7 8. Bxe4 Qf6 9. Nf3 d5 10. Bd3 Nc6 11. c3 Bd7 12. 0-0 g5 13. Qe2 h5 14. Rae1 Rh6 15. Ne5 Ne7 16. Qf3 Qg7 17. Nxd7 Kxd7 18. Qd1 c6 19. Qb3 Kc7 20. Qc2 Rf8 21. Qa4 Nc8 22. Qc2 g4 23. Re5 Qf7 24. c4 Nb6 25. a4 Nd7 26. Re2 h4 27. cxd5 exd5 28. Qd2 Rhh8 29. f4 g3 30. h3 Qg7 31. Bb1 Re8 32. Rfe1 Rxe2 33. Rxe2 Qf6 34. Re1 Rd8 35. b4 Nb6 36. Ba2 Nxa4 37. b5 cxb5 38. Re5 Nb6 39. Qe3 Nc4 40. Bxc4 bxc4 41. Kf1 Rd6 42. Re7+ Kc6 43. Ke2 a6 44. Kd2 Qf5 0-1

[Event "Luxembourg-ch"]
[Site "Luxembourg"]
[Date "1999.04.03"]
[Round "1"]
[White "Kalabic, Dzelal"]
[Black "Schartz, Alain"]
[Result "0-1"]
[WhiteElo "1727"]
[BlackElo "2101"]
[PlyCount "94"]
[EventDate "1999.04.03"]
[EventType "swiss"]
[EventRounds "9"]
[EventCountry "LUX"]
[SourceTitle "EXT 2005"]
[Source "ChessBase"]
[SourceDate "2004.11.15"]
[SourceVersion "1"]
[SourceVersionDate "2004.11.15"]
[SourceQuality "1"]

1. e4 c5 2. Nf3 e6 3. d4 cxd4 4. Nxd4 Nf6 5. Nc3 Bb4 6. Bd2 Nc6 7. Nxc6 bxc6 8. Bd3 d5 9. e5 Nd7 10. Qe2 Qc7 11. f4 Nc5 12. 0-0 Nxd3 13. cxd3 0-0 14. Rac1 a5 15. Nd1 Be7 16. Kh1 c5 17. Rf3 f6 18. d4 Ba6 19. Qf2 fxe5 20. fxe5 Rxf3 21. gxf3 Rf8 22. Ne3 Qb8 23. Bc3 cxd4 24. Bxd4 Bd3 25. Qd2 Bg6 26. Rf1 Qb5 27. Qd1 Rf4 28. Kg1 Bd3 29. Rf2 Rxd4 30. Rd2 Bb4 31. Rg2 Qb6 32. Kh1 Bg6 33. Qc1 Qc5 34. Qg1 Rd3 35. Rxg6 hxg6 36. Qxg6 Rxe3 37. Qxe6+ Kf8 38. Qf5+ Ke7 39. Qg5+ Kd7 40. Qxg7+ Qe7 41. Qg4+ Kc7 42. f4 d4 43. a3 Bc5 44. Qg1 Qd7 45. Qc1 Qc6+ 46. Kg1 d3 47. b4 Re1# 0-1